<?xml version="1.0" encoding="UTF-8"?>
<collection xmlns="http://www.loc.gov/MARC21/slim">
 <record>
  <leader>02640nam a2200289 a 4500</leader>
  <controlfield tag="001">1/44328</controlfield>
  <controlfield tag="008">140317s2010    lu d     b    001 0 eng  </controlfield>
  <datafield tag="020" ind1=" " ind2=" ">
   <subfield code="a">9789289708630(electronic bk.)</subfield>
  </datafield>
  <datafield tag="035" ind1=" " ind2=" ">
   <subfield code="l">47273</subfield>
  </datafield>
  <datafield tag="040" ind1=" " ind2=" ">
   <subfield code="a">OPELS</subfield>
   <subfield code="b">eng</subfield>
   <subfield code="c">OPELS</subfield>
   <subfield code="d">GR-PeUP</subfield>
  </datafield>
  <datafield tag="041" ind1="0" ind2=" ">
   <subfield code="a">eng</subfield>
  </datafield>
  <datafield tag="100" ind1="1" ind2=" ">
   <subfield code="a">Riedmann, Arnold.</subfield>
  </datafield>
  <datafield tag="245" ind1="1" ind2="0">
   <subfield code="a">European company survey 2009</subfield>
   <subfield code="h">[electronic resource] :</subfield>
   <subfield code="b">overview /</subfield>
   <subfield code="c">Arnold Riedmann, Guy van Gyes, Amelia Roman ... et. al.</subfield>
  </datafield>
  <datafield tag="260" ind1=" " ind2=" ">
   <subfield code="a">Λουξεμβούργο :</subfield>
   <subfield code="b">Υπηρεσία Επισήμων Εκδόσεων των Ευρωπαϊκών Κοινοτήτων,</subfield>
   <subfield code="c">2010.</subfield>
  </datafield>
  <datafield tag="300" ind1=" " ind2=" ">
   <subfield code="a">Ένα html e-book.</subfield>
  </datafield>
  <datafield tag="504" ind1=" " ind2=" ">
   <subfield code="a">Περιέχει βιβλιογραφία και ευρετήριο.</subfield>
  </datafield>
  <datafield tag="520" ind1="0" ind2=" ">
   <subfield code="a">The second large-scale European-wide establishment survey launched by the European Foundation for the Improvement of Living and Working Conditions (Eurofound) - known as the European Company Survey 2009 (ECS 2009) - focuses on two topics in the field of company policies that are widely debated in the EU: flexibility practices and employee participation at the workplace. Following on from the first Eurofound establishment survey in 2004-2005, the ECS 2009 was carried out across the 27 EU Member States and in the candidate countries of Croatia, the Former Yugoslav Republic of Macedonia and Turkey. In more than 27,000 establishments with 10 or more employees of both the private and the public sectors, human resources managers and employee representatives - where available - were interviewed about flexibility measures applied at the establishment and the involvement of employee representatives in their set-up. The survey covers different forms of working time flexibility (flexitime and working time account systems, part-time work, overtime work and work at unusual hours), the application of non-permanent employment contracts (external flexibility), aspects of wage flexibility as well as modes of enhancing the employability of staff for different tasks (functional flexibility).</subfield>
  </datafield>
  <datafield tag="533" ind1=" " ind2=" ">
   <subfield code="a">Ηλεκτρονικό βιβλίο</subfield>
   <subfield code="n">Τρόπος πρόσβασης μέσω διαδικτύου.</subfield>
  </datafield>
  <datafield tag="650" ind1=" " ind2="4">
   <subfield code="a">Flextime</subfield>
   <subfield code="z">European Union countries.</subfield>
  </datafield>
  <datafield tag="650" ind1=" " ind2="4">
   <subfield code="a">Industrial relations</subfield>
   <subfield code="z">European Union countries.</subfield>
  </datafield>
  <datafield tag="650" ind1=" " ind2="4">
   <subfield code="a">Labor market</subfield>
   <subfield code="z">Europe.</subfield>
  </datafield>
  <datafield tag="655" ind1=" " ind2="4">
   <subfield code="a">Electronic books.</subfield>
  </datafield>
  <datafield tag="700" ind1="1" ind2=" ">
   <subfield code="a">Gyes, Guy van.</subfield>
  </datafield>
  <datafield tag="700" ind1="1" ind2=" ">
   <subfield code="a">Roman, Amelia.</subfield>
  </datafield>
  <datafield tag="710" ind1="2" ind2=" ">
   <subfield code="a">European Foundation for the improvement of living and working conditions.</subfield>
  </datafield>
  <datafield tag="852" ind1=" " ind2=" ">
   <subfield code="a">INST</subfield>
   <subfield code="b">UNIPILB</subfield>
   <subfield code="c">EBOOKS</subfield>
   <subfield code="e">20140317</subfield>
   <subfield code="p">00b47273</subfield>
   <subfield code="q">00b47273</subfield>
   <subfield code="t">ONLINE</subfield>
   <subfield code="y">0</subfield>
  </datafield>
  <datafield tag="856" ind1="4" ind2="0">
   <subfield code="u">http://www.boeckler.de/pdf/mbf_european_company_survey_2009_2010.pdf</subfield>
  </datafield>
 </record>
</collection>
